000 01049naa a22002897a 4500
001 BR8903755
003 BR-BrBNA
005 20240918180511.0
007 ta
008 230509b bl.||||| |||| 00| 0 por d
040 _aBR-BrBNA
_bpor
_cBiblioteca Nacional de Agricultura
041 _a(Pt)
072 _aL10
_b3580
_b5212
090 _aL10 BR8903755
100 1 _aFonseca, V.O. da
111 1 _a2. Simposio Nacional de Reproducao Animal
_cBelo Horizonte, MG (Brazil)
_d12-18 Sep 1976
245 1 _aDefeitos hereditarios verificados no semen [bovino]
260 3 _aBelo Horizonte, MG (Brasil):
_c1976.
500 _aAnais do 2. Simposio Nacional de Reproducao Animal Belo Horizonte, MG (Brasil): 1976. p. 96-101 (BR8903755-AM)L10
650 _aSEMEN
650 _aBOVINO
650 _aFERTILIDADE ANIMAL
650 _aINSEMINACAO ARTIFICIAL
773 0 _tAnais do 2. Simposio Nacional de Reproducao Animal
_wL10 BR8903755
_gBelo Horizonte, MG (Brasil), 1976. p. 96-101
909 _a202404
_bLucia
_c55
_dLucia Elande
942 _cAM
_2AGRIS
999 _c320718
_d320718